Data Communication and Computer Networks (Record no. 1947)

MARC details
005 - DATE AND TIME OF LATEST TRANSACTION
control field 20250505135653.0
020 ## - INTERNATIONAL STANDARD BOOK NUMBER
International Standard Book Number 81-259-1597-4
082 ## - DEWEY DECIMAL CLASSIFICATION NUMBER
Classification number LECT 001.64 AGR
100 ## - MAIN ENTRY--PERSONAL NAME
Author name AGRAWAL, R.
245 ## - TITLE STATEMENT
Title Data Communication and Computer Networks
260 ## - PUBLICATION, DISTRIBUTION, ETC.
Place of publication, distribution, etc. New Delhi,
Name of publisher, distributor, etc. Vikas Publishing House Pvt Ltd,
Date of publication, distribution, etc. 2005.
300 ## - PHYSICAL DESCRIPTION
Extent viii, 397p,: ill.; figure, table.
Other physical details Glossary.
Dimensions 24cm.
700 ## - ADDED ENTRY--PERSONAL NAME
Other authors/Editors TIWARI, B. B.
942 ## - ADDED ENTRY ELEMENTS (KOHA)
Source of classification or shelving scheme Dewey Decimal Classification
Koha item type Books
Holdings
Date last seen Total checkouts Full call number Barcode Cost, replacement price Price effective from Koha item type Lost status Source of classification or shelving scheme Damaged status Not for loan Withdrawn status Home library Current library Shelving location Date acquired Cost, normal purchase price
05/05/2025   LECT 001.64 AGR 0000007511 148500.00 05/05/2025 Books   Dewey Decimal Classification       College of Business Education Main Library College of Business Education Main Library General Collection 03/22/2006 49500.00